书目信息 |
| 题名: |
存款保险法律制度的理论与实务
|
|
| 作者: | 潘修平, 著 | |
| 分册: | ||
| 出版信息: | 北京 法律出版社 2005 |
|
| 页数: | 183页 | |
| 开本: | 23cm | |
| 丛书名: | ||
| 单 册: | ||
| 中图分类: | D912.280.4 | |
| 科图分类: | ||
| 主题词: | 存款保险--cun kuan bao xian--保险法--研究 | |
| 电子资源: | ||
| ISBN: | 7-5036-5865-7 | |
| 000 | 00835nam0 2200229 450 | |
| 001 | CAL 012005134578 | |
| 005 | 20061123090640.78 | |
| 010 | @a7-5036-5865-7@dCNY 28.00 | |
| 099 | @aCAL 012005134578 | |
| 100 | @a20051124d2005 ekmy0chiy0121 ea | |
| 101 | 0 | @achi |
| 102 | @aCN@b110000 | |
| 200 | 1 | @a存款保险法律制度的理论与实务@Acun kuan bao xian fa lv zhi du de li lun yu shi wu@d= Theories and practices of deposit insurance legal system@f潘修平著@zeng |
| 210 | @a北京@c法律出版社@d2005 | |
| 215 | @a183页@c图 (部分彩图)@d23cm | |
| 320 | @a有书目 (第142-145页) | |
| 510 | 1 | @aTheories and practices of deposit insurance legal system@zeng |
| 606 | 0 | @a存款保险@Acun kuan bao xian@x保险法@x研究 |
| 690 | @aD912.280.4@v4 | |
| 701 | 0 | @a潘修平,@Apan xiu ping@f1966-@4著 |
| 801 | @aCN@c20061123 | |
| 905 | @apdsgxy@dD912.280.4@eP254 | |
| 存款保险法律制度的理论与实务= Theories and practices of deposit insurance legal system/潘修平著.-北京:法律出版社,2005 |
| 183页:图 (部分彩图);23cm |
| ISBN 7-5036-5865-7:CNY 28.00 |
| ● |
| 相关链接 |
|
|
|
正题名:存款保险法律制度的理论与实务
索取号:D912.280.4/P254
 
预约/预借
| 序号 | 登录号 | 条形码 | 馆藏地/架位号 | 状态 | 备注 |
| 1 | 614410 | 206144108 | 社科库509/509社科库 81排1列4层/ [索取号:D912.280.4/P254] | 在馆 | |
| 2 | 614411 | 206144117 | 社科库509/509社科库 81排1列4层/ [索取号:D912.280.4/P254] | 在馆 |